=LDR 00000nam 2200000 4500 =001 INLIS000000000017913 =005 20130612113117 =008 ***********************************Ind** =035 ##$$0010-061300000017913 =041 ##$$a Ind =082 ##$$a 634.073 67 =090 ##$$a 634.073 67, Sum b =100 ##$$a Sumarna, Yana =245 ##$$a Budidaya gaharu, Yana Sumarna =260 ##$$a 2005 $b Jakarta =300 ##$$a viii, 80 hlm, ilus, 20 cm =650 ##$$a Kayu Gaharu-Budidaya =850 ##$$a NBPNMAT